[Event "Barcelona Rubi op-A 5th"]
[Site "Barcelona"]
[Date "2004.04.??"]
[Round "2"]
[White "Martinez Lopez, Miquel"]
[Black "Rafols Albet, Josep"]
[Result "0-1"]
[WhiteElo "1925"]
[BlackElo "2155"]
[PlyCount "88"]
[EventDate "2004.04.25"]
[EventType "swiss"]
[EventRounds "9"]
[EventCountry "ESP"]
[SourceTitle "EXT 2007"]
[Source "ChessBase"]
[SourceDate "2006.11.23"]
[SourceVersion "1"]
[SourceVersionDate "2006.11.23"]
[SourceQuality "1"]

1. e4 e5 2. Nf3 Nf6 3. d3 Nc6 4. Be2 Bc5 5. Be3 Bb6 6. Bxb6 axb6 7. Nc3 d6 8. Qd2 h6 9. a3 Be6 10. 0-0 Qd7 11. Nd1 0-0 12. Ne3 b5 13. c3 Na5 14. Bd1 Rfe8 15. Bc2 Kh8 16. Nh4 d5 17. exd5 Nxd5 18. Nf3 f6 19. Nxd5 Bxd5 20. Ne1 Nb3 21. Bxb3 Bxb3 22. Qe3 Ra4 23. Nf3 Bc2 24. Ne1 Bb3 25. Nf3 Rg4 26. Nd2 Bc2 27. f3 Rh4 28. g3 Ra4 29. b3 Raa8 30. d4 Rad8 31. Rac1 exd4 32. Qxd4 Qe7 33. Qf2 Bd3 34. Rfe1 Qxa3 35. Rxe8+ Rxe8 36. Re1 Rxe1+ 37. Qxe1 Qc5+ 38. Kg2 Qxc3 39. Qe3 b4 40. Kf2 Bc2 41. Ke2 Kh7 42. h4 b5 43. f4 c5 44. Qe6 Bd3+ 0-1

[Event "Barcelona Rubi op-A 5th"]
[Site "Barcelona"]
[Date "2004.04.??"]
[Round "6"]
[White "Prats Rodriguez, Juan Bosco"]
[Black "Martinez Lopez, Miquel"]
[Result "1/2-1/2"]
[WhiteElo "2195"]
[BlackElo "1925"]
[PlyCount "92"]
[EventDate "2004.04.25"]
[EventType "swiss"]
[EventRounds "9"]
[EventCountry "ESP"]
[SourceTitle "EXT 2007"]
[Source "ChessBase"]
[SourceDate "2006.11.23"]
[SourceVersion "1"]
[SourceVersionDate "2006.11.23"]
[SourceQuality "1"]

1. e4 e5 2. Nf3 Nc6 3. Bc4 Bc5 4. 0-0 Nf6 5. d4 Bxd4 6. Nxd4 Nxd4 7. Bg5 d6 8. f4 Bg4 9. Bxf6 Bxd1 10. Bxd8 Kxd8 11. Rxd1 Nxc2 12. fxe5 Nxa1 13. Na3 Ke7 14. exd6+ cxd6 15. Rxa1 a6 16. Bd5 Rab8 17. Rc1 Rhc8 18. Rxc8 Rxc8 19. Bxb7 Rb8 20. Bxa6 Rxb2 21. Bc4 Rb4 22. Bd5 Rd4 23. Nb5 Rd2 24. g4 g6 25. g5 Rb2 26. Nd4 Rd2 27. Nf3 Rd3 28. Kf2 f5 29. Ke2 fxe4 30. Bxe4 Ra3 31. Bd5 Ra5 32. Bg8 d5 33. Ke3 Rxa2 34. Bxd5 Ra4 35. h4 Kd6 36. Bg8 Ra7 37. Nd2 Ke5 38. Nc4+ Kf5 39. Kf3 Ra1 40. Ne3+ Ke5 41. Bxh7 Ra4 42. Kg3 Ra3 43. Bxg6 Rxe3+ 44. Kg4 Ra3 45. h5 Ra4+ 46. Kg3 Ra3+ 1/2-1/2